LEADER 01237nam a2200229 4500 001 000000337586 003 CaOOAMICUS 005 20220826144844.0 008 191029s1785 it 000 u lat r 026 $at.V. I.x- e.ux luno (7) 1785 (R) 040 $aSeMil$bita 100 11$aZola, Giuseppe,$d<1739-1806>.$0(OLS)http://semarc/name/37604 245 03$a1: De locis theologiae moralis. Accedunt de eodem argumento ss. patrum opuscula. 264 1$aTicini :$bIn typographeo Petri Galeatii praesid. rei litter. permitt.,$c1785. 300 $a350, [2] p. ;$c8° 500 $aSegn.: A-Y8 773 0 $aZola, Giuseppe <1739-1806>$tIosephi Zolae ... Theologicarum praelectionum quas olim habuit in seminario brixiano vol. 1. [-2.].$dTicini : In typographeo Petri Galeatii praesid. rei litter. permitt., 1785-1786.$bEditio 2.$w()337585 850 $aSeMil 852 $aSeMil$W1$xVenegono$y1$m3X IV 105 FA$j217098$B229164$CSeMilBibl$Z2$F229164 $8I 996 $6245$a1: De locis theologiae moralis. Accedunt de eodem argumento ss. patrum opuscula$9(OLS)http://semarc/title/426574 996 $6264$aTicini :$bIn typographeo Petri Galeatii praesid. rei litter. permitt.$9(OLS)http://semarc/publisher/58653 LEADER 01048nam a2200217 i 4500 001 000000118514 003 CaOOAMICUS 005 20170220000000.0 008 170220s1900 it u000 u ita u 013 $a91207 040 $aSeMil$bita 100 1 $aPellini, Silvio.$0(OLS)http://semarc/name/76008 245 10$aGiuseppe Prina, ministro delle finanze del Regno italico :$bdocumenti inediti /$cdel dott. Silvio Pellini. 260 $aNovara :$bTipografia dei Fratelli Miglio,$c1900. 300 $aXV, 131 p., [1] c. di tav. ripieg. :$bc. geneal. ;$c25 cm. 650 4$aPrina, Giuseppe.$0(OLS)http://semarc/subject/46096 650 4$aRegno d'Italia <1805-1814> - Politica e economia.$0(OLS)http://semarc/subject/46097 850 $aSeMil 852 $aSeMil$W1$xVenegono$y1$m3P IV 9 FA$j73815$B73815$CSeMilBibl$Z2$F76441 $8I 996 $6245$aGiuseppe Prina, ministro delle finanze del Regno italico :$bdocumenti inediti$9(OLS)http://semarc/title/407726 996 $6260$aNovara :$bTipografia dei Fratelli Miglio$9(OLS)http://semarc/publisher/57110